Städte der Welt / Alle Agglomerationen - Statistiken

Allgemein
  • Dieses Quiz wurde 384 mal gespielt
    217 seit der letzten Aktualisierung
  • Das Durchschnittsergebnis liegt bei 133 aus 627
Antwortstatistiken
Staat Name Bevölkerung % Korrekt
Japan Tōkyō 40.800.000
92%
China Bĕijīng 20.900.000
91%
Vereinigte Staaten von Amerika New York 23.100.000
88%
Mexiko Mexiko-Stadt 24.900.000
86%
Deutschland Berlin 4.775.000
85%
Russland Moskva 18.800.000
85%
China Shànghăi 40.000.000
84%
Großbritannien London 14.800.000
83%
Vereinigte Staaten von Amerika Los Angeles 17.700.000
82%
Ägypten Al-Qāhirah 22.200.000
81%
Frankreich Paris 11.400.000
81%
Indien Mumbai 26.600.000
79%
Deutschland München 2.275.000
79%
Korea (Rep.) Seoul 24.900.000
79%
Deutschland Hamburg 2.900.000
78%
Türkei İstanbul 16.100.000
78%
Deutschland Köln / Düsseldorf 4.975.000
77%
Spanien Madrid 6.850.000
76%
Indonesien Jakarta 28.900.000
75%
Philippinen Manila 26.700.000
75%
Argentinien Buenos Aires 16.700.000
74%
Thailand Krung Thep 20.500.000
73%
Brasilien São Paulo 23.000.000
73%
Italien Roma 3.450.000
72%
Türkei Ankara 5.200.000
69%
Spanien Barcelona 4.950.000
69%
Iran Tehrān 16.200.000
69%
China Hong Kong 7.300.000
68%
Italien Milano 6.100.000
68%
Australien Sydney 4.925.000
68%
Niederlande Amsterdam 2.500.000
67%
Indien Delhi 33.400.000
66%
Peru Lima 11.600.000
66%
Brasilien Rio de Janeiro 13.400.000
66%
Kanada Toronto 7.550.000
66%
Vereinigte Staaten von Amerika Washington 8.800.000
66%
Brasilien Brasília 4.175.000
65%
Südafrika Cape Town 4.450.000
65%
Ukraine Kyïv 3.475.000
65%
Saudi-Arabien Ar-Riyāḍ 9.150.000
64%
Vereinigte Staaten von Amerika Chicago 9.900.000
64%
Vietnam Hà Nội 7.000.000
64%
Italien Napoli 4.050.000
64%
Japan Ōsaka 17.700.000
64%
Österreich Wien 2.275.000
64%
Irak Baghdād 7.500.000
63%
Belgien Bruxelles 2.750.000
63%
Vereinigte Arabische Emirate Dubayy 6.600.000
63%
Südafrika Johannesburg 14.800.000
63%
Polen Warszawa 2.475.000
63%
Kolumbien Bogotá 10.200.000
62%
Bangladesh Dhaka 21.300.000
62%
Nigeria Lagos 21.400.000
62%
Vereinigte Staaten von Amerika Miami 6.450.000
62%
Vereinigte Staaten von Amerika San Francisco 7.950.000
62%
Schweden Stockholm 2.250.000
62%
Griechenland Athínai 3.550.000
61%
Irland Dublin 1.510.000
61%
Großbritannien Manchester 3.125.000
61%
Frankreich Marseille 1.690.000
61%
Singapur Singapore 7.750.000
61%
Deutschland Stuttgart 2.400.000
61%
Ungarn Budapest 2.650.000
59%
Finnland Helsinki 1.510.000
59%
Kongo (Dem. Rep.) Kinshasa 15.000.000
59%
Dänemark København 1.760.000
59%
Portugal Lisboa 2.500.000
59%
Kenia Nairobi 6.550.000
59%
Norwegen Oslo 1.230.000
59%
Vereinigte Staaten von Amerika Boston 7.850.000
58%
Frankreich Lyon 2.025.000
58%
Chile Santiago 8.050.000
58%
Schweiz Zürich 1.480.000
58%
Rumänien București 2.200.000
56%
Vereinigte Staaten von Amerika Dallas 7.550.000
56%
Vereinigte Staaten von Amerika Houston 7.050.000
56%
Niederlande Rotterdam 3.375.000
56%
Taiwan (Rep. China) Taibei 9.200.000
56%
Algerien El Djazaïr 4.175.000
55%
China Guăngzhōu 67.800.000
55%
Großbritannien Liverpool 1.890.000
55%
Tschechische Republik Praha 1.460.000
55%
Vereinigte Staaten von Amerika Seattle 4.625.000
55%
Tunesien Tūnis 2.775.000
55%
Israel Yerushalayim 1.040.000
55%
Venezuela Caracas 3.800.000
54%
Senegal Dakar 4.200.000
54%
Indien Kolkata 17.400.000
54%
Malaysia Kuala Lumpur 9.100.000
54%
Australien Melbourne 4.950.000
54%
Vereinigte Staaten von Amerika Melbourne 1.260.000
54%
Portugal Porto 1.550.000
54%
Ägypten Al-Iskandariyah 6.100.000
53%
Großbritannien Birmingham 3.225.000
53%
Deutschland Bremen 1.000.000
53%
Syrien Dimashq 3.800.000
53%
Venezuela Valencia 2.075.000
53%
Spanien València 1.900.000
53%
Jemen Ṣan'ā' 3.075.000
51%
Aserbaidschan Bakı 2.675.000
50%
Vietnam Thành Phố Hồ Chí Minh 13.500.000
50%
Kanada Vancouver 3.025.000
50%
Vereinigte Staaten von Amerika Atlanta 6.100.000
49%
Großbritannien Glasgow 1.690.000
49%
Afghanistan Kābul 4.800.000
49%
Marokko Rabat 2.125.000
49%
Bulgarien Sofija 1.240.000
49%
Vereinigte Arabische Emirate Abū Ẓaby 1.740.000
48%
Libanon Bayrūt 1.860.000
48%
China Lù'ān 1.190.000
48%
Ecuador Quito 2.875.000
48%
Russland Sankt-Peterburg 6.400.000
48%
Marokko Casablanca 4.700.000
47%
Uruguay Montevideo 1.880.000
47%
Kanada Montréal 4.375.000
47%
Australien Perth 2.225.000
47%
Ghana Accra 6.350.000
46%
Äthiopien Adis Abeba 4.600.000
46%
Serbien Beograd 1.440.000
46%
Bolivien La Paz 2.225.000
46%
Vereinigte Staaten von Amerika Las Vegas 2.375.000
46%
Angola Luanda 9.000.000
46%
Weißrussland Minsk 2.050.000
46%
Deutschland Nürnberg 1.200.000
46%
Kanada Ottawa 1.330.000
46%
Vereinigte Staaten von Amerika Philadelphia 7.550.000
46%
Italien Torino 1.590.000
46%
Katar Ad-Dawḥah 2.450.000
45%
Pakistan Karāchi 19.100.000
45%
Kuba La Habana 2.225.000
45%
Jordanien 'Ammān 5.850.000
44%
Vereinigte Staaten von Amerika Detroit 5.850.000
44%
Deutschland Hannover 1.150.000
44%
Korea (Dem. VR.) P'yŏngyang 2.975.000
44%
Vereinigte Staaten von Amerika San Diego 3.300.000
44%
Australien Brisbane 3.275.000
43%
Deutschland Ruhrgebiet 5.650.000
43%
China Wŭhàn 11.800.000
43%
Vereinigte Staaten von Amerika Denver 3.950.000
42%
Georgien Tbilisi 1.400.000
42%
China Xī'ān 12.300.000
42%
Türkei İzmir 3.025.000
41%
Nepal Kathmandu 3.075.000
41%
Saudi-Arabien Makkah 2.325.000
41%
Spanien Sevilla 1.310.000
41%
Libyen Ṭarābulus 1.770.000
41%
Neuseeland Auckland 1.450.000
40%
Vereinigte Staaten von Amerika Austin 2.175.000
40%
Sudan Al-Kharṭūm 6.850.000
39%
Kasachstan Astana 1.360.000
39%
Dominikanische Republik Santo Domingo 4.175.000
39%
Türkei Antalya 1.390.000
38%
Indien Chennai 12.200.000
38%
Sri Lanka Colombo 4.900.000
38%
Somalia Muqdisho 2.125.000
38%
Vereinigte Staaten von Amerika Phoenix 4.825.000
38%
Haiti Port-au-Prince 3.525.000
38%
Nigeria Abuja 4.100.000
37%
El Salvador San Salvador 1.930.000
37%
Madagaskar Antananarivo 2.950.000
36%
Uganda Kampala 3.975.000
36%
Pakistan Lāhore 14.400.000
36%
Belgien Antwerpen 1.230.000
35%
Frankreich Bordeaux 1.130.000
35%
Großbritannien Leeds 2.225.000
35%
Costa Rica San José 2.425.000
35%
Usbekistan Toshkent 3.600.000
35%
Ukraine Odesa 1.100.000
34%
Australien Adelaide 1.410.000
33%
Mali Bamako 3.975.000
33%
Tansania Dar es Salaam 6.000.000
33%
Kolumbien Medellín 4.225.000
33%
Korea (Rep.) Busan 4.000.000
32%
Japan Hiroshima 1.870.000
32%
Vereinigte Staaten von Amerika New Orleans 1.010.000
32%
Kamerun Yaoundé 3.700.000
32%
Kongo (Rep.) Brazzaville 2.200.000
31%
China Chéngdū 16.600.000
31%
Mexiko Guadalajara 5.750.000
31%
Liberia Monrovia 1.770.000
31%
Vereinigte Staaten von Amerika Orlando 3.725.000
31%
Italien Firenze 1.000.000
30%
China Xiàmén 14.500.000
30%
Indien Ahmadābād 9.300.000
29%
Brasilien Belo Horizonte 5.150.000
29%
Tadschikistan Dušanbe 1.070.000
29%
Indien Hyderābād 11.100.000
29%
Pakistan Hyderābād 2.450.000
29%
Frankreich Lille 1.310.000
29%
Vereinigte Staaten von Amerika Portland 2.500.000
29%
Turkmenistan Aşgabat 1.530.000
28%
Paraguay Asunción 2.450.000
28%
Kirgisistan Biškek 1.160.000
28%
Sierra Leone Freetown 1.340.000
28%
Simbabwe Harare 2.600.000
28%
Vereinigte Staaten von Amerika Indianapolis 2.100.000
28%
Vereinigte Staaten von Amerika Jacksonville 2.025.000
28%
Vereinigte Staaten von Amerika Kansas City 2.100.000
28%
Mosambik Maputo 2.450.000
28%
Marokko Marrakech 1.160.000
28%
Japan Nagoya 10.500.000
28%
Tschad Ndjamena 1.810.000
28%
Vereinigte Staaten von Amerika Sacramento 2.175.000
28%
Japan Sapporo 2.500.000
28%
Frankreich Toulouse 1.120.000
28%
Vereinigte Staaten von Amerika Minneapolis 3.300.000
27%
Elfenbeinküste Abidjan 6.550.000
26%
Saudi-Arabien Al-Madīnah 1.690.000
26%
Bahrain Al-Manāmah 1.550.000
26%
Vereinigte Staaten von Amerika Charlotte 2.575.000
26%
Südafrika Durban 3.575.000
26%
Togo Lomé 2.350.000
26%
Sambia Lusaka 2.250.000
26%
Deutschland Mannheim 1.580.000
26%
Vereinigte Staaten von Amerika Memphis 1.150.000
26%
Niger Niamey 1.430.000
26%
Vereinigte Staaten von Amerika San Antonio 2.325.000
26%
Ukraine Charkiv 1.600.000
25%
Guinea Conakry 2.775.000
25%
Nicaragua Managua 1.370.000
25%
Mexiko Monterrey 5.850.000
25%
Burkina Faso Ouagadougou 2.800.000
25%
Kambodscha Phnum Pénh 2.750.000
25%
Vereinigte Staaten von Amerika Salt Lake City 2.625.000
25%
Honduras Tegucigalpa 1.210.000
25%
China Tiānjīn 11.400.000
25%
Spanien Málaga 1.080.000
24%
Brasilien Manaus 2.325.000
24%
Großbritannien Newcastle 1.460.000
24%
Myanmar Yangon 6.000.000
24%
Zentralafrikanische Republik Bangui 1.560.000
23%
Indien Bengaluru 13.700.000
23%
Kasachstan Almaty 2.550.000
22%
China Chóngqìng 10.500.000
22%
Kanada Edmonton 1.400.000
22%
Deutschland Frankfurt am Main 3.275.000
22%
Ruanda Kigali 1.330.000
22%
China Nánjīng 9.050.000
22%
Vereinigte Staaten von Amerika Tampa 4.750.000
22%
Indonesien Bandung 6.900.000
21%
Gambia Banjul 1.090.000
21%
Kanada Calgary 1.410.000
21%
Ukraine Donec'k 1.420.000
21%
Russland Jekaterinburg 1.840.000
21%
Vereinigte Staaten von Amerika Nashville 1.640.000
21%
Russland Volgograd 1.090.000
21%
Kolumbien Cali 2.925.000
19%
Bangladesh Chittagong 4.650.000
19%
Vereinigte Staaten von Amerika Cleveland 3.100.000
19%
Vereinigte Staaten von Amerika Milwaukee 1.520.000
19%
Vereinigte Staaten von Amerika Oklahoma City 1.190.000
19%
Vereinigte Staaten von Amerika Pittsburgh 2.075.000
19%
Indien Pune 7.550.000
19%
Großbritannien Sheffield 1.530.000
19%
Vereinigte Staaten von Amerika St. Louis 2.350.000
19%
Vereinigte Staaten von Amerika Columbus 1.840.000
18%
Vereinigte Staaten von Amerika El Paso 1.050.000
18%
Saudi-Arabien Jiddah 5.500.000
18%
Russland Kazan' 1.570.000
18%
Mexiko Tijuana 2.200.000
18%
Indien Āgra 2.500.000
17%
Argentinien Córdoba 1.770.000
17%
Malawi Lilongwe 1.140.000
17%
Russland Novosibirsk 1.840.000
17%
Brasilien Porto Alegre 4.200.000
17%
China Qīngdăo 7.250.000
17%
Indonesien Surabaya 5.900.000
17%
Türkei Adana 1.780.000
16%
Iran Eṣfahān 3.350.000
16%
Brasilien Fortaleza 3.775.000
16%
Japan Fukuoka 2.800.000
16%
China Hā'ĕrbīn 5.400.000
16%
Nigeria Kano 5.200.000
16%
Kenia Mombasa 1.320.000
16%
Brasilien Recife 3.925.000
16%
Brasilien Salvador 3.700.000
16%
Vereinigte Staaten von Amerika Cincinnati 2.825.000
15%
Marokko Fès 1.330.000
15%
China Hángzhōu 13.400.000
15%
Indien Jaipur 4.275.000
15%
China Dàlián 5.150.000
14%
Indonesien Denpasar 1.190.000
14%
Kamerun Douala 3.650.000
14%
Russland Nižnij Novgorod 1.660.000
14%
Großbritannien Nottingham 1.370.000
14%
Mauretanien Nouakchott 1.350.000
14%
Russland Omsk 1.160.000
14%
Puerto Rico San Juan 1.910.000
14%
Russland Ufa 1.220.000
14%
China Ürümqi 4.725.000
14%
Brasilien Belém 2.275.000
13%
Malaysia George Town 2.025.000
13%
Ecuador Guayaquil 3.275.000
13%
Vereinigte Staaten von Amerika Honolulu 1.010.000
13%
China Kūnmíng 6.250.000
13%
Mongolei Ulaanbaatar 1.510.000
13%
Irak Al-Baṣrah 1.630.000
12%
Türkei Bursa 2.175.000
12%
Mexiko Cancún 1.030.000
12%
Ukraine Dnipro 1.340.000
12%
Türkei Gaziantep 1.710.000
12%
Algerien Oran 1.570.000
12%
China Shĕnyáng 8.550.000
12%
Vereinigte Staaten von Amerika Buffalo 1.420.000
11%
Korea (Rep.) Daegu 2.750.000
11%
Polen Katowice 2.250.000
11%
Russland Perm' 1.090.000
11%
Vereinigte Staaten von Amerika Raleigh 1.770.000
11%
Vereinigte Staaten von Amerika Richmond 1.120.000
11%
Argentinien Rosario 1.420.000
11%
Indien Sūrat 7.450.000
11%
Marokko Tanger 1.190.000
11%
China Fúzhōu 4.550.000
10%
Türkei Konya 1.370.000
10%
Indonesien Medan 4.150.000
10%
Iran Tabrīz 1.910.000
10%
Irak Al-Mawṣil 1.490.000
9%
China Chángshā 10.500.000
9%
Mexiko Chihuahua 1.040.000
9%
Brasilien Curitiba 3.550.000
9%
China Héféi 7.500.000
9%
Nigeria Ibadan 3.925.000
9%
Vereinigte Staaten von Amerika Louisville 1.030.000
9%
Südafrika Port Elizabeth 1.440.000
9%
Russland Samara 1.370.000
9%
Japan Sendai 1.510.000
9%
Vereinigte Staaten von Amerika Tucson 1.010.000
9%
China Wēnzhōu 5.100.000
9%
China Zhèngzhōu 9.450.000
9%
Kolumbien Barranquilla 2.275.000
8%
Nigeria Benin City 1.790.000
8%
Philippinen Cebu 2.700.000
8%
Philippinen Davao 1.650.000
8%
Pakistan Faisalābād 3.950.000
8%
Ghana Kumasi 2.850.000
8%
China Lánzhōu 3.400.000
8%
Indien Lucknow 4.000.000
8%
Iran Mashhad 3.350.000
8%
Indien Nāgpur 3.450.000
8%
China Nánníng 5.100.000
8%
China Níngbō 7.100.000
8%
Nigeria Port Harcourt 2.600.000
8%
Mexiko Puebla 4.175.000
8%
Bolivien Santa Cruz 2.325.000
8%
China Shàntóu 8.000.000
8%
Großbritannien Southampton 1.150.000
8%
Armenien Yerevan 1.510.000
8%
Marokko Agadir 1.280.000
7%
Irak Arbīl 1.170.000
7%
Taiwan (Rep. China) Gaoxiong 2.775.000
7%
Saudi-Arabien Ad-Dammām 2.750.000
6%
Indien Bhopāl 2.600.000
6%
China Chángchūn 4.900.000
6%
Benin Cotonou 2.025.000
6%
Vietnam Đà Nẵng 1.430.000
6%
Indien Kānpur 3.600.000
6%
Indien Kochi 1.640.000
6%
Kongo (Dem. Rep.) Lubumbashi 2.650.000
6%
Venezuela Maracaibo 2.750.000
6%
Mexiko Mérida 1.320.000
6%
Brasilien Natal 1.460.000
6%
Indien Patna 2.850.000
6%
Russland Rostov]-na-Donu 1.400.000
6%
Iran Shīrāz 1.880.000
6%
Indien Amritsar 1.470.000
5%
Kolumbien Cartagena 1.200.000
5%
Mexiko Ciudad Juárez 1.600.000
5%
Vereinigte Staaten von Amerika Fresno 1.000.000
5%
China Hăikŏu 2.575.000
5%
Indien Indore 3.525.000
5%
China Jìnán 6.350.000
5%
Russland Krasnojarsk 1.270.000
5%
Mexiko León 2.225.000
5%
Pakistan Multān 2.275.000
5%
Pakistan Rāwalpindi 3.725.000
5%
Brasilien Santos 1.790.000
5%
Russland Saratov 1.200.000
5%
Indien Vārānasi 2.050.000
5%
Russland Voronež 1.160.000
5%
Indonesien Yogyakarta 1.780.000
5%
Russland Čeljabinsk 1.460.000
4%
Guatemala Ciudad de Guatemala 3.325.000
4%
Indien Coimbatore 2.925.000
4%
Korea (Rep.) Daejeon 1.530.000
4%
Türkei Diyarbakır 1.090.000
4%
China Hūhéhàotè 2.625.000
4%
China Línyí 4.300.000
4%
Indien Madurai 1.890.000
4%
Indonesien Makassar 1.770.000
4%
Myanmar Mandalay 1.690.000
4%
Argentinien Mendoza 1.090.000
4%
Türkei Mersin 1.040.000
4%
Indien Nāshik 2.275.000
4%
Indonesien Palembang 1.740.000
4%
Pakistan Peshāwar 2.600.000
4%
Iran Qom 1.390.000
4%
Pakistan Quetta 1.250.000
4%
Indien Rājkot 2.075.000
4%
China Shíjiāzhuāng 6.000.000
4%
China Táizhōu 2.525.000
4%
China Tàizhōu 1.420.000
4%
China Tángshān 2.650.000
4%
Indien Visākhapatnam 2.350.000
4%
China Yāntái 2.450.000
4%
China Ānshān 2.350.000
3%
Panama Ciudad de Panamá 1.620.000
3%
Palästinensische Gebiete Ghazzah 2.125.000
3%
China Guìyáng 4.850.000
3%
China Héngyáng 1.220.000
3%
Indien Jodhpur 1.610.000
3%
Türkei Kayseri 1.130.000
3%
Japan Kitakyūshū 1.980.000
3%
China Luòyáng 3.450.000
3%
China Màomíng 1.380.000
3%
Indien Mysore 1.310.000
3%
China Nánchāng 4.800.000
3%
China Nántōng 3.250.000
3%
China Qíqíhā'ĕr 1.030.000
3%
Indien Salem 1.180.000
3%
Korea (Rep.) Ulsan 1.080.000
3%
Indien Vadodara 2.350.000
3%
Vereinigte Staaten von Amerika Virginia Beach 1.660.000
3%
China Yínchuān 2.300.000
3%
Peru Arequipa 1.170.000
2%
Indien Aurangābād 1.970.000
2%
China Băodìng 2.075.000
2%
China Bāotóu 2.150.000
2%
Venezuela Barquisimeto 1.330.000
2%
Angola Benguela 1.350.000
2%
Indien Bhubaneswar 2.025.000
2%
Indien Chandīgarh 2.575.000
2%
China Chángdé 1.170.000
2%
China Chìfēng 1.140.000
2%
Bolivien Cochabamba 1.440.000
2%
Kolumbien Cúcuta 1.060.000
2%
China Dàtóng 1.900.000
2%
Brasilien Florianópolis 1.050.000
2%
Brasilien Goiânia 2.550.000
2%
Pakistan Gujrānwāla 3.075.000
2%
Indien Guwāhāti 1.200.000
2%
Korea (Rep.) Gwangju 1.630.000
2%
Vereinigte Staaten von Amerika Hartford 1.680.000
2%
Vietnam Hải Phòng 1.420.000
2%
China Húzhōu 1.630.000
2%
Indien Jabalpur 1.560.000
2%
China Jílín 1.610.000
2%
China Jìníng 1.790.000
2%
China Jĭnzhōu 1.220.000
2%
Indien Kozhikode 1.040.000
2%
China Liŭzhōu 2.350.000
2%
Indien Ludhiāna 2.075.000
2%
China Lúzhōu 1.240.000
2%
Nigeria Maiduguri 1.340.000
2%
Kongo (Dem. Rep.) Mbuji-Mayi 2.325.000
2%
Japan Naha 1.240.000
2%
China Nánchōng 1.350.000
2%
China Qīngyuăn 1.270.000
2%
Indien Rānchi 1.550.000
2%
Honduras San Pedro Sula 1.290.000
2%
Brasilien São Luís 1.470.000
2%
Indonesien Semarang 2.100.000
2%
Indien Srīnagar 1.730.000
2%
China Tài'ān 1.490.000
2%
China Tàiyuán 5.750.000
2%
Taiwan (Rep. China) Taizhong 2.450.000
2%
Chile Valparaíso 1.050.000
2%
China Wéifāng 3.075.000
2%
China Wúhú 1.730.000
2%
China Xiāngyáng 1.750.000
2%
China Xīníng 2.100.000
2%
China Xìnyáng 1.130.000
2%
China Xŭchāng 1.320.000
2%
China Xúzhōu 3.000.000
2%
China Yánchéng 1.410.000
2%
China Yíchāng 1.340.000
2%
China Zhànjiāng 1.790.000
2%
China Zhūhăi 2.450.000
2%
China Zībó 3.800.000
2%
Iran Ahvāz 1.480.000
1%
Indien Alīgarh 1.360.000
1%
Indien Allahābād 1.530.000
1%
Philippinen Angeles 1.700.000
1%
Irak An-Najaf 1.010.000
1%
China Ānyáng 1.860.000
1%
Indien Āsansol 1.690.000
1%
Indonesien Bandar Lampung 1.370.000
1%
China Băojī 1.170.000
1%
Indien Bareilly 1.430.000
1%
China Bĕihăi 1.020.000
1%
China Bèngbù 1.880.000
1%
Indien Bhilai 3.175.000
1%
Burkina Faso Bobo-Dioulasso 1.050.000
1%
Kongo (Dem. Rep.) Bukavu 1.030.000
1%
Brasilien Campinas 3.325.000
1%
China Cāngnán 1.710.000
1%
Korea (Rep.) Changwon 1.020.000
1%
China Chángzhì 1.200.000
1%
China Dàqìng 1.830.000
1%
China Dázhōu 1.260.000
1%
Indien Dehra Dūn 1.010.000
1%
China Dézhōu 1.190.000
1%
Indien Dhanbād 1.440.000
1%
China Dōngyíng 1.010.000
1%
China Èzhōu 1.130.000
1%
China Fùyáng 1.310.000
1%
China Gànzhōu 1.980.000
1%
China Guìlín 1.700.000
1%
Indien Gwalior 1.510.000
1%
Syrien Ḥalab 1.900.000
1%
Japan Hamamatsu 1.310.000
1%
China Hándān 2.750.000
1%
Vereinigte Staaten von Amerika Harrisburg 1.340.000
1%
China Hézé 1.440.000
1%
China Huái'ān 1.870.000
1%
China Huáibĕi 1.300.000
1%
China Huáinán 1.860.000
1%
Indien Hubli-Dhārwār 1.200.000
1%
China Húlúdăo 1.020.000
1%
Indien Jalandhar 1.190.000
1%
Indien Jamshedpur 1.760.000
1%
China Jiāngyīn 3.025.000
1%
China Jiāozuò 1.570.000
1%
China Jiāxīng 2.075.000
1%
China Jīnhuá 1.480.000
1%
China Jiŭjiāng 1.020.000
1%
Brasilien João Pessoa 1.160.000
1%
Nigeria Jos 1.110.000
1%
China Kāifēng 1.270.000
1%
Kongo (Dem. Rep.) Kananga 1.290.000
1%
Iran Kermānshāh 1.090.000
1%
Bangladesh Khulna 1.140.000
1%
Irak Kirkūk 1.110.000
1%
Kongo (Dem. Rep.) Kisangani 1.220.000
1%
Indien Kotā 1.520.000
1%
Japan Kumamoto 1.150.000
1%
China Liányúngăng 1.110.000
1%
China Liáochéng 1.130.000
1%
Brasilien Maceió 1.140.000
1%
Indonesien Malang 1.740.000
1%
Venezuela Maracay 1.460.000
1%
Oman Masqaṭ 1.470.000
1%
Vereinigte Staaten von Amerika McAllen 1.240.000
1%
Indien Meerut 1.850.000
1%
China Miányáng 1.680.000
1%
Indien Morādābād 1.380.000
1%
Mexiko Morelia 1.020.000
1%
Tansania Mwanza 1.030.000
1%
China Nányáng 1.550.000
1%
Japan Okayama 2.175.000
1%
Nigeria Onitsha 1.310.000
1%
China Pánjĭn 1.010.000
1%
Indonesien Pekanbaru 1.090.000
1%
China Píngdĭngshān 1.980.000
1%
China Púyáng 1.600.000
1%
China Qínhuángdăo 1.630.000
1%
Mexiko Querétaro 1.640.000
1%
China Qŭjìng 1.070.000
1%
China Rìzhào 1.210.000
1%
Indien Sahāranpur 1.090.000
1%
Mexiko Saltillo 1.080.000
1%
Mexiko San Luis Potosí 1.360.000
1%
China Shāngqiū 1.600.000
1%
China Shàngráo 1.470.000
1%
China Shàoyáng 1.030.000
1%
Indien Shiliguri 1.130.000
1%
China Shíyàn 1.010.000
1%
Japan Shizuoka 1.130.000
1%
China Shùyáng 1.050.000
1%
Kasachstan Shymkent 1.280.000
1%
Nigeria Sokoto 1.000.000
1%
Indien Solāpur 1.130.000
1%
Vereinigte Staaten von Amerika Stockton 1.280.000
1%
China Sùqiān 1.160.000
1%
Tunesien Sūsah 1.190.000
1%
Taiwan (Rep. China) Tainan 1.310.000
1%
Indien Tiruchirāppalli 1.270.000
1%
Indien Tiruppūr 1.540.000
1%
Mexiko Toluca 2.650.000
1%
Senegal Touba 1.200.000
1%
Indien Vijayawāda 2.225.000
1%
China Wànzhōu 1.130.000
1%
Indien Warangal 1.050.000
1%
Nigeria Warri 1.080.000
1%
China Wēihăi 1.430.000
1%
China Xíngtái 1.590.000
1%
China Xīnxiāng 2.525.000
1%
China Yángzhōu 2.200.000
1%
China Yíbīn 1.210.000
1%
China Yìwū 2.475.000
1%
China Yŏngkāng 1.020.000
1%
China Yuèyáng 1.170.000
1%
China Yùlín 1.510.000
1%
China Zăozhuāng 1.790.000
1%
China Zhāngjiākŏu 1.400.000
1%
China Zhàoqìng 1.100.000
1%
China Zhènjiāng 1.170.000
1%
China Zhōukŏu 1.010.000
1%
China Zūnyì 1.860.000
1%
Nigeria Aba 1.250.000
0%
Mexiko Aguascalientes 1.200.000
0%
Saudi-Arabien Al-Hufūf 1.020.000
0%
Kuwait Al-Kuwayt 4.200.000
0%
Brasilien Aracaju 1.010.000
0%
Eritrea Āsmera 1.020.000
0%
Indonesien Batam 1.200.000
0%
Kolumbien Bucaramanga 1.330.000
0%
Vereinigte Staaten von Amerika Cape Coral 1.130.000
0%
Korea (Rep.) Cheongju 1.170.000
0%
Thailand Chonburi 1.480.000
0%
Indonesien Cirebon 1.190.000
0%
Mexiko Cuernavaca 1.200.000
0%
Nigeria Enugu 1.090.000
0%
Vereinigte Staaten von Amerika Greensboro 1.170.000
0%
Nigeria Ilorin 1.190.000
0%
Jordanien Irbid 1.020.000
0%
Nigeria Kaduna 2.050.000
0%
Indonesien Karawang 1.220.000
0%
Nigeria Oshogbo 1.050.000
0%
Kongo (Rep.) Pointe-Noire 1.140.000
0%
Argentinien San Miguel de Tucumán 1.050.000
0%
Indonesien Serang 1.200.000
0%
Indonesien Surakarta 1.660.000
0%
Israel Tel Aviv-Yafo 2.925.000
0%
Brasilien Teresina 1.050.000
0%
Mexiko Torreón 1.400.000
0%
Brasilien Vitória 1.930.000
0%
Nigeria Zaria 1.090.000
0%
Keine übereinstimmenden Quizze gefunden
Verteilung der Resultate
Anzahl Personen mit jedem Resultat
Perzentil nach korrekt beantworteten Fragen
Ihre Resultats-Entwicklung
Sie haben dieses Quiz seit der letzten Aktualisierung nicht gespielt